[Event "Skopje op-B"]
[Site "Skopje"]
[Date "2023.12.10"]
[Round "7"]
[White "Grashkoski, Leonid"]
[Black "Ivanov, Ljubomir"]
[Result "0-1"]
[WhiteElo "1364"]
[BlackElo "1806"]
[PlyCount "96"]
[EventDate "2023.12.06"]
[EventType "swiss"]
[EventRounds "9"]
[EventCountry "MKD"]
[SourceTitle "CB51_2023"]
[SourceDate "2023.12.20"]
[SourceVersion "1"]
[SourceVersionDate "2023.12.20"]
[SourceQuality "1"]

1. e4 c6 2. c4 d5 3. cxd5 cxd5 4. exd5 Nf6 5. Nc3 g6 6. d4 Bg7 7. Bc4 Nbd7 8. Nf3 Nb6 9. Qb3 Nxc4 10. Qxc4 0-0 11. Bf4 e6 12. d6 Nh5 13. Bg3 Nxg3 14. hxg3 Qxd6 15. 0-0 Bd7 16. Rfd1 Rfc8 17. Qe2 b5 18. Nxb5 Qe7 19. Rac1 Rab8 20. Na3 Bh6 21. Rc2 Rxc2 22. Qxc2 Bf8 23. Ne5 Kg7 24. Nxd7 Qxd7 25. Nc4 h5 26. b3 Qc7 27. Qd3 Rd8 28. Kf1 Bc5 29. Qc2 Bxd4 30. Re1 f6 31. Re2 Be5 32. Ne3 Qxc2 33. Rxc2 Kf7 34. f4 Bd6 35. g4 hxg4 36. Nxg4 Bxf4 37. Ke2 f5 38. Nf2 Bd6 39. Nd3 e5 40. Rc1 e4 41. Nc5 Bf4 42. Rc2 Rc8 43. b4 g5 44. b5 Bd6 45. Nxe4 Rxc2+ 46. Kd3 Rxg2 47. Nxd6+ Ke6 48. Nb7 Rxa2 0-1

[Event "Skopje op-B"]
[Site "Skopje"]
[Date "2023.12.07"]
[Round "2"]
[White "Stojcheski, Aleksandar"]
[Black "Ivanov, Ljubomir"]
[Result "1-0"]
[WhiteElo "1314"]
[BlackElo "1806"]
[PlyCount "65"]
[EventDate "2023.12.06"]
[EventType "swiss"]
[EventRounds "9"]
[EventCountry "MKD"]
[SourceTitle "CB51_2023"]
[SourceDate "2023.12.20"]
[SourceVersion "1"]
[SourceVersionDate "2023.12.20"]
[SourceQuality "1"]

1. e4 c6 2. d4 d5 3. Nc3 dxe4 4. Nxe4 Bf5 5. Ng3 Bg6 6. Nf3 Nd7 7. h4 h6 8. Bd3 Bxd3 9. Qxd3 Qc7 10. Bd2 Ngf6 11. 0-0-0 e6 12. Rhe1 Be7 13. Qc4 b5 14. Qe2 0-0 15. Ne5 Nxe5 16. dxe5 Nd5 17. Qg4 Kh7 18. Qh5 b4 19. Re4 Qa5 20. Rg4 Rg8 21. Qxf7 Qxa2 22. Bxh6 Bf8 23. Qg6+ Kh8 24. Nh5 Ne7 25. Qd3 g6 26. Bxf8 Raxf8 27. Nf6 Rd8 28. Rd4 Rxd4 29. Qxd4 Rg7 30. Qd8+ Ng8 31. Rd7 Qa1+ 32. Kd2 Qxb2 33. Qxg8+ 1-0

[Event "IBCA EU-chT blind 2nd"]
[Site "Calimanesti"]
[Date "2019.10.05"]
[Round "1.3"]
[White "Ivanov, Ljubomir"]
[Black "Kolpakov, Vladyslav"]
[Result "0-1"]
[WhiteElo "1806"]
[BlackElo "2179"]
[PlyCount "56"]
[EventDate "2019.10.05"]
[EventType "team-swiss"]
[EventRounds "9"]
[EventCountry "ROU"]
[SourceTitle "CBM 192 Extra"]
[Source "Chessbase"]
[SourceDate "2019.11.06"]
[SourceVersion "1"]
[SourceVersionDate "2019.11.06"]
[SourceQuality "1"]
[WhiteTeam "Bulgaria"]
[BlackTeam "Ukraine"]
[WhiteTeamCountry "BUL"]
[BlackTeamCountry "UKR"]

1. d4 Nf6 2. Nc3 d5 3. Bg5 e6 4. e4 Bb4 5. e5 h6 6. Be3 Ne4 7. Qg4 Kf8 8. Bd3 Nxc3 9. Bd2 c5 10. bxc3 Ba5 11. h4 c4 12. Be2 Nc6 13. Nh3 Qb6 14. 0-0-0 Bd7 15. Nf4 Nxd4 16. Ng6+ fxg6 17. cxd4 Kg8 18. Rh3 Rc8 19. Bc3 Bxc3 20. Rxc3 Qa5 21. Kd2 Kh7 22. f4 Rhf8 23. h5 gxh5 24. Qh4 Be8 25. Qe7 Bg6 26. Rh1 Rxf4 27. Rh4 Re8 28. Qxe8 Rxh4 0-1

[Event "Primorsko op"]
[Site "Primorsko"]
[Date "2018.09.22"]
[Round "7"]
[White "Ivanov, Ljubomir"]
[Black "Stoyanov, Yordan"]
[Result "1-0"]
[WhiteElo "1757"]
[BlackElo "1457"]
[PlyCount "27"]
[EventDate "2018.09.16"]
[EventType "swiss"]
[EventRounds "9"]
[EventCountry "BUL"]
[SourceTitle "CBM 186 Extra"]
[Source "ChessBase"]
[SourceDate "2018.08.24"]
[SourceVersion "1"]
[SourceVersionDate "2018.08.24"]
[SourceQuality "1"]

1. e4 e5 2. Nf3 Nf6 3. Nxe5 d6 4. Nf3 Nxe4 5. Nc3 Nxc3 6. dxc3 Be7 7. Bd3 0-0 8. h4 Bg4 9. Bxh7+ Kxh7 10. Ng5+ Bxg5 11. hxg5+ Kg6 12. Qxg4 Rh8 13. Qe4+ f5 14. Qe6+ 1-0

[Event "Primorsko op"]
[Site "Primorsko"]
[Date "2018.09.19"]
[Round "4"]
[White "Andreev, Stanislav"]
[Black "Ivanov, Ljubomir"]
[Result "1-0"]
[WhiteElo "2164"]
[BlackElo "1757"]
[PlyCount "79"]
[EventDate "2018.09.16"]
[EventType "swiss"]
[EventRounds "9"]
[EventCountry "BUL"]
[SourceTitle "CBM 186 Extra"]
[Source "ChessBase"]
[SourceDate "2018.08.24"]
[SourceVersion "1"]
[SourceVersionDate "2018.08.24"]
[SourceQuality "1"]

1. d4 Nf6 2. c4 g6 3. Nc3 d5 4. cxd5 Nxd5 5. e4 Nxc3 6. bxc3 Bg7 7. Bc4 c5 8. Ne2 0-0 9. 0-0 Nc6 10. Be3 Bg4 11. f3 cxd4 12. cxd4 Na5 13. Bxf7+ Rxf7 14. fxg4 Rxf1+ 15. Kxf1 Qd7 16. h3 Qe6 17. Qd3 Rd8 18. Kg1 Nc4 19. Bf2 b5 20. Rb1 a6 21. a4 bxa4 22. Nf4 Qf7 23. Nd5 e6 24. Bh4 exd5 25. Bxd8 dxe4 26. Qe2 Bxd4+ 27. Kh1 a3 28. Be7 Bb2 29. Rf1 Qe6 30. Rf8+ Kg7 31. Rb8 a2 32. Bf8+ Kf7 33. Qf2+ Qf6 34. Qa7+ Ke6 35. Qxa6+ Ke5 36. Rb5+ Kf4 37. Qxa2 Qc3 38. Bh6+ g5 39. Bxg5+ Kg3 40. Rb3 1-0

[Event "Primorsko op"]
[Site "Primorsko"]
[Date "2017.09.20"]
[Round "5"]
[White "Ilkov, Dani"]
[Black "Ivanov, Ljubomir"]
[Result "1-0"]
[WhiteElo "1746"]
[BlackElo "1800"]
[PlyCount "72"]
[EventDate "2017.09.17"]
[EventType "swiss"]
[EventRounds "9"]
[EventCountry "BUL"]
[SourceTitle "CBM 180 Extra"]
[Source "ChessBase"]
[SourceDate "2017.10.06"]
[SourceVersion "1"]
[SourceVersionDate "2017.10.06"]
[SourceQuality "1"]

1. d4 d5 2. Bf4 e6 3. e3 Nf6 4. Nf3 Bd6 5. Bg3 Ne4 6. Nbd2 Nxg3 7. hxg3 Nd7 8. Bd3 f5 9. Nh4 Nf6 10. Ng6 Rg8 11. Ne5 Qe7 12. Bb5+ c6 13. Nxc6 bxc6 14. Bxc6+ Kf7 15. Bxa8 Qc7 16. c4 Bd7 17. c5 Bxg3 18. c6 Ng4 19. Rf1 Nxe3 20. Qc1 Nxg2+ 21. Kd1 Rxa8 22. cxd7 Qxd7 23. fxg3 Rc8 24. Qb1 Ne3+ 25. Ke2 Nc2 26. Rc1 Qb5+ 27. Kd1 Ne3+ 28. Ke1 Rxc1+ 29. Qxc1 Qd3 30. Rb1 Ng4 31. Qc3 Qa6 32. a3 Qd6 33. Rc1 Kg6 34. Qc7 Qa6 35. Rc6 Qd3 36. Rxe6+ Nf6 1-0

[Event "Sliven op 17th"]
[Site "Sliven"]
[Date "2016.10.02"]
[Round "6"]
[White "Ivanov, Ljubomir"]
[Black "Stoychev, Zhivko"]
[Result "1/2-1/2"]
[WhiteElo "1789"]
[BlackElo "2097"]
[PlyCount "80"]
[EventDate "2016.09.30"]
[EventType "swiss"]
[EventRounds "7"]
[EventCountry "BUL"]
[SourceTitle "EXT 2017"]
[Source "ChessBase"]
[SourceDate "2016.10.25"]
[SourceVersion "1"]
[SourceVersionDate "2016.10.25"]
[SourceQuality "1"]

1. Nf3 d5 2. d4 e6 3. Bf4 Bd6 4. Bg3 f5 5. e3 Nf6 6. Nbd2 0-0 7. Bd3 Ne4 8. Qe2 a5 9. Ne5 Qf6 10. f3 Nxg3 11. hxg3 Bxe5 12. dxe5 Qxe5 13. 0-0-0 c5 14. c3 c4 15. Bc2 b5 16. f4 Qf6 17. Qh5 h6 18. Nf3 b4 19. g4 fxg4 20. Ne5 Ra7 21. Nxg4 Qe7 22. Qg6 Rf6 23. Qh7+ Kf7 24. Bg6+ Rxg6 25. Ne5+ Ke8 26. Qxg6+ Kd8 27. e4 bxc3 28. exd5 cxb2+ 29. Kb1 Qf6 30. dxe6+ Ke7 31. Qxf6+ gxf6 32. Nxc4 Bxe6 33. Rde1 Kd7 34. Nxb2 Nc6 35. Rxh6 Bf5+ 36. Ka1 Nb4 37. Rd1+ Ke6 38. Re1+ Kf7 39. Reh1 Nc2+ 40. Kb1 Na3+ 1/2-1/2

[Event "Dyuni op 2nd"]
[Site "Dyuni"]
[Date "2016.09.05"]
[Round "7"]
[White "Stoyanov, Tsvetan"]
[Black "Ivanov, Ljubomir"]
[Result "0-1"]
[WhiteElo "2068"]
[BlackElo "1789"]
[PlyCount "130"]
[EventDate "2016.09.02"]
[EventType "swiss"]
[EventRounds "7"]
[EventCountry "BUL"]
[SourceTitle "CBM 174 Extra"]
[Source "ChessBase"]
[SourceDate "2016.10.10"]
[SourceVersion "1"]
[SourceVersionDate "2016.10.10"]
[SourceQuality "1"]

1. e4 c6 2. d4 d5 3. Nc3 dxe4 4. Nxe4 Bf5 5. Ng3 Bg6 6. h4 h6 7. Nf3 Nd7 8. h5 Bh7 9. Bd3 Bxd3 10. Qxd3 Qc7 11. Bd2 Ngf6 12. 0-0-0 e6 13. Ne4 Nxe4 14. Qxe4 Nf6 15. Qe2 0-0-0 16. g3 c5 17. Rh4 Rd5 18. c4 cxd4 19. Nxd4 e5 20. Bc3 Rxd4 21. Bxd4 exd4 22. Rhxd4 Bc5 23. R4d3 Re8 24. Qf3 Qe5 25. a3 a5 26. Kb1 Qe4 27. Ka1 Qxf3 28. Rxf3 Re2 29. Rf5 b6 30. f3 Kc7 31. g4 Bd6 32. f4 Re4 33. g5 hxg5 34. fxg5 Nxh5 35. Rxf7+ Kc6 36. Kb1 Rxc4 37. Rc1 Rxc1+ 38. Kxc1 g6 39. Rf1 Bf4+ 40. Kc2 Kc5 41. Re1 Kd5 42. b3 Ng3 43. Re8 Nf5 44. Re1 Bxg5 45. Rg1 Nd4+ 46. Kd3 Ne6 47. Rg4 Be7 48. b4 axb4 49. axb4 g5 50. Kc3 b5 51. Rg1 Bf6+ 52. Kd2 Nd4 53. Kd3 Nc6 54. Ke2 Nxb4 55. Kf3 Nc6 56. Kg4 Nd4 57. Rf1 Be7 58. Re1 Bd6 59. Re8 Bf4 60. Rd8+ Kc4 61. Rc8+ Kd3 62. Rc5 b4 63. Rd5 b3 64. Rd7 b2 65. Rb7 Kc2 0-1

[Event "BUL-ch sf 77th"]
[Site "Plovdiv"]
[Date "2013.02.12"]
[Round "2"]
[White "Ivanov, Ljubomir"]
[Black "Stoinev, Metodi"]
[Result "0-1"]
[WhiteElo "1936"]
[BlackElo "2237"]
[PlyCount "32"]
[EventDate "2013.02.11"]
[EventType "swiss (rapid)"]
[EventRounds "9"]
[EventCountry "RUS"]
[SourceTitle "CBM 152 Extra"]
[Source "ChessBase"]
[SourceDate "2013.02.25"]
[SourceVersion "1"]
[SourceVersionDate "2013.02.25"]
[SourceQuality "1"]

1. d4 d5 2. c4 c6 3. e3 Nf6 4. Nf3 g6 5. b3 Bg7 6. Bb2 0-0 7. Bd3 Bf5 8. 0-0 Nbd7 9. Nc3 e6 10. Nh4 Bxd3 11. Qxd3 e5 12. g3 exd4 13. exd4 dxc4 14. bxc4 Re8 15. Rad1 Qb6 16. Ba1 Rad8 0-1

[Event "BUL-ch sf 75th"]
[Site "Plovdiv"]
[Date "2011.02.07"]
[Round "1"]
[White "Ivanov, Ljubomir"]
[Black "Ivanov, Borislav"]
[Result "1-0"]
[WhiteElo "1964"]
[BlackElo "2201"]
[PlyCount "105"]
[EventDate "2011.02.07"]
[EventType "swiss"]
[EventRounds "9"]
[EventCountry "BUL"]
[SourceTitle "CBM 140 Extra"]
[Source "ChessBase"]
[SourceDate "2011.03.01"]
[SourceVersion "1"]
[SourceVersionDate "2011.03.01"]
[SourceQuality "1"]

1. d4 d5 2. c4 c6 3. Nf3 Nf6 4. e3 e6 5. Nc3 Nbd7 6. Bd3 dxc4 7. Bxc4 b5 8. Bd3 Bb7 9. 0-0 a6 10. e4 c5 11. e5 cxd4 12. Nxb5 Bxf3 13. Qxf3 Nxe5 14. Qxa8 Qxa8 15. Nc7+ Kd7 16. Nxa8 Nxd3 17. Rd1 Nxc1 18. Rxd4+ Nd5 19. Rxc1 Bd6 20. Rxd5 exd5 21. Nb6+ Ke6 22. Re1+ Kf5 23. Nxd5 Rc8 24. h3 Kg6 25. Nc3 Ba3 26. Nd5 Bc5 27. Kf1 Rd8 28. Rd1 Kg5 29. b4 Ba7 30. a4 Rc8 31. b5 axb5 32. axb5 Rb8 33. f4+ Kh4 34. Rb1 Bc5 35. Rb3 Ra8 36. Ne3 Bxe3 37. Rxe3 Ra1+ 38. Re1 Ra4 39. Rb1 Rxf4+ 40. Kg1 Rd4 41. b6 Rd8 42. b7 Rb8 43. Rb5 f5 44. Kf2 g5 45. Rb4+ f4 46. g3+ Kh5 47. h4 Kg6 48. Rb6+ Kf7 49. gxf4 gxf4 50. Kf3 Ke7 51. Kxf4 Kd7 52. Rh6 Rh8 53. Rxh7+ 1-0

[Event "Belogradchik op"]
[Site "Belogradchik"]
[Date "2010.09.07"]
[Round "3"]
[White "Ivanov, Ljubomir"]
[Black "Mladenov, Emil"]
[Result "0-1"]
[WhiteElo "1973"]
[BlackElo "2181"]
[PlyCount "92"]
[EventDate "2010.09.06"]
[EventType "swiss"]
[EventRounds "5"]
[EventCountry "BUL"]
[SourceTitle "CBM 138 Extra"]
[Source "ChessBase"]
[SourceDate "2010.10.29"]
[SourceVersion "1"]
[SourceVersionDate "2010.10.29"]
[SourceQuality "1"]

1. d4 d6 2. c4 e5 3. Nf3 Nc6 4. Nc3 g6 5. Bg5 f6 6. Be3 Nh6 7. d5 Ne7 8. Qa4+ Bd7 9. Qb3 b6 10. g3 Nf7 11. h4 h6 12. Bh3 f5 13. Bd2 Bg7 14. e4 0-0 15. 0-0-0 fxe4 16. Nxe4 Bxh3 17. Rxh3 Qd7 18. Rhh1 Nd8 19. Qd3 Nb7 20. h5 Qg4 21. Nh4 g5 22. Ng6 Nxg6 23. hxg6 Rf3 24. Be3 Nc5 25. Nxc5 bxc5 26. Qb3 Qc8 27. Qc2 Rb8 28. Rd3 Qe8 29. Ra3 e4 30. Rb3 Rb6 31. Re1 Qxg6 32. Rxb6 axb6 33. Bd2 Rxf2 34. Qxe4 Qxe4 35. Rxe4 Bxb2+ 36. Kxb2 Rxd2+ 37. Kb3 Kf7 38. Re6 Rh2 39. g4 h5 40. gxh5 Rxh5 41. Ka4 g4 42. Kb5 g3 43. Re2 Rg5 44. Rg2 Kf6 45. Kc6 Rg7 46. a4 Ke5 0-1

[Event "Belogradchik op"]
[Site "Belogradchik"]
[Date "2010.09.06"]
[Round "2"]
[White "Janchev, Petar"]
[Black "Ivanov, Ljubomir"]
[Result "0-1"]
[WhiteElo "2210"]
[BlackElo "1973"]
[PlyCount "128"]
[EventDate "2010.09.06"]
[EventType "swiss"]
[EventRounds "5"]
[EventCountry "BUL"]
[SourceTitle "CBM 138 Extra"]
[Source "ChessBase"]
[SourceDate "2010.10.29"]
[SourceVersion "1"]
[SourceVersionDate "2010.10.29"]
[SourceQuality "1"]

1. d4 Nf6 2. Nf3 e6 3. Bg5 Be7 4. Nbd2 b6 5. e4 Bb7 6. Bd3 d5 7. Bxf6 Bxf6 8. e5 Be7 9. c3 c5 10. Qe2 Qc8 11. a4 a5 12. 0-0 Ba6 13. Bb5+ Bxb5 14. axb5 c4 15. Rfc1 0-0 16. b3 cxb3 17. Nxb3 Ra7 18. h4 Rd8 19. Qd3 Nd7 20. g3 Nf8 21. Ra4 Rc7 22. Nbd2 Bb4 23. Nb1 Qd7 24. Kg2 Rdc8 25. Ng1 Rc4 26. Ra2 Qxb5 27. Qe2 Qc6 28. Qb2 Rxd4 29. Ne2 Rc4 30. cxb4 Rxc1 31. Nxc1 Qxc1 32. bxa5 Qxb2 33. Rxb2 bxa5 34. Ra2 Ra8 35. Nc3 Nd7 36. f4 Nc5 37. Kf3 h5 38. Ke3 Kh7 39. Ra3 a4 40. Nb5 Ne4 41. Kd4 Rb8 42. Nd6 Rb4+ 43. Kd3 Nxd6 44. exd6 Rb6 45. Rxa4 Rxd6 46. Ra7 f6 47. Kd4 Rc6 48. Re7 Rc4+ 49. Kd3 Re4 50. Re8 Kg6 51. Rh8 Ra4 52. Ke3 Ra3+ 53. Kf2 e5 54. fxe5 fxe5 55. Rf8 e4 56. Rd8 Rd3 57. Rh8 Rf3+ 58. Kg2 Rf5 59. Re8 Kf7 60. Ra8 e3 61. g4 hxg4 62. Ra1 d4 63. Kg3 e2 64. Kxg4 Rf1 0-1

[Event "BUL-ch sf"]
[Site "Plovdiv"]
[Date "2010.01.27"]
[Round "6"]
[White "Kolev, Hristian"]
[Black "Ivanov, Ljubomir"]
[Result "1/2-1/2"]
[WhiteElo "1765"]
[BlackElo "1949"]
[PlyCount "67"]
[EventDate "2010.01.24"]
[EventType "swiss"]
[EventRounds "9"]
[EventCountry "BUL"]
[SourceTitle "CBM 134 Extra"]
[Source "ChessBase"]
[SourceDate "2010.03.03"]
[SourceVersion "1"]
[SourceVersionDate "2010.03.03"]
[SourceQuality "1"]

1. e4 c5 2. Nf3 d6 3. d4 cxd4 4. Nxd4 Nf6 5. Nc3 g6 6. Be3 Bg7 7. f3 0-0 8. Bc4 Nc6 9. Qd2 Bd7 10. 0-0-0 Rc8 11. Bb3 Na5 12. Bh6 Nc4 13. Bxc4 Rxc4 14. Bxg7 Kxg7 15. g4 Qa5 16. Nde2 b5 17. Kb1 b4 18. Nd5 Nxd5 19. exd5 Rfc8 20. Nd4 Kg8 21. Rhe1 Qc7 22. b3 Rc5 23. Rxe7 Rxd5 24. Qxb4 Re5 25. Re1 Re8 26. Rxe8+ Bxe8 27. f4 Qc5 28. Qd2 Rxe1+ 29. Qxe1 Bd7 30. Qe4 Bxg4 31. f5 Bxf5 32. Nxf5 gxf5 33. Qg2+ Kf8 34. Qg5 1/2-1/2

[Event "BUL-ch sf"]
[Site "Plovdiv"]
[Date "2010.01.24"]
[Round "1"]
[White "Ivanov, Ljubomir"]
[Black "Badev, Kiril"]
[Result "0-1"]
[WhiteElo "1949"]
[BlackElo "2369"]
[PlyCount "72"]
[EventDate "2010.01.24"]
[EventType "swiss"]
[EventRounds "9"]
[EventCountry "BUL"]
[SourceTitle "CBM 134 Extra"]
[Source "ChessBase"]
[SourceDate "2010.03.03"]
[SourceVersion "1"]
[SourceVersionDate "2010.03.03"]
[SourceQuality "1"]

1. d4 Nf6 2. c4 d6 3. Nf3 Nbd7 4. Nc3 e5 5. e4 Be7 6. Be2 0-0 7. 0-0 exd4 8. Nxd4 Re8 9. Be3 Bf8 10. f3 c6 11. Nc2 a6 12. a4 Ne5 13. b3 Ng6 14. Re1 Qc7 15. Bf1 d5 16. cxd5 Bd6 17. g3 Bxg3 18. hxg3 Qxg3+ 19. Bg2 Nh4 20. Qe2 Bh3 21. Qf2 Qxg2+ 22. Qxg2 Nxg2 23. Re2 Nxe3 24. Nxe3 cxd5 25. Ncxd5 Nxd5 26. Nxd5 Rac8 27. Rd1 Be6 28. Red2 f5 29. e5 Kf7 30. f4 h6 31. Kf2 Rc5 32. Ne3 g5 33. Rd6 gxf4 34. Nxf5 Rxe5 35. Nxh6+ Kg7 36. Ng4 Bxg4 0-1